000 00451 a2200145 4500
005 20250602102058.0
020 _a978-0-7277-3653-6
082 _a658.202 LLO
245 _aAsset Management : Whole-Life Management of Physical Assets.
260 _aLondon,
_bICE,
_c2015.
300 _axxii, 242p.: ill.; figure, table
_bIndex
_c21cm
700 _aLLOYD, C.
856 _yAccess Online Book
_fAsset Management
_dwww.icevirtuallibrary.com
942 _2ddc
_cBKS
999 _c2992
_d2992